000 00308 a2200157 4500
001 183109
020 _a
040 _cMagnum
100 _aBazin, Herve
240 1 0 _aMadame ex
_lpor
245 1 0 _aMadame ex
300 _a291
362 0 _a1975
697 _aLITERATURA GERAL ESTRANGEIRA
942 _cBK
999 _c183109
_d183109